| 000 | 00405nam a2200157Ia 4500 | ||
|---|---|---|---|
| 005 | 20250423094914.0 | ||
| 008 | 250422s9999 xx 000 0 und d | ||
| 020 | _a9780558521843 | ||
| 050 | _aHG 4529.5 .C43/ | ||
| 245 | 0 | _aCorporate finance and portfolio management: CFA program curriculum level 1 2011 | |
| 260 | _aBoston | ||
| 260 | _bPearson | ||
| 260 | _c2011 | ||
| 300 | _a489 p | ||
| 942 | _cBK | ||
| 999 |
_c28650 _d28650 |
||